Solving large scale matching problems efficient <a> new primal matching approach

Saved in:
Bibliographic Details
Main Author: Derigs, Ulrich
Format: Book
Language:English
Published: Bonn Institut für Ökonometrie und Operations Research 1984
Series:Report No. 84346
Tags: Add Tag
No Tags, Be the first to tag this record!

MARC

LEADER 00000nam a2200000 4500
001 c109177
005 20181203150305.4
041 0 |a eng 
044 |a DE 
245 1 0 |a Solving large scale matching problems efficient  |b <a> new primal matching approach  |c Ulrich Derigs 
264 1 |a Bonn  |b Institut für Ökonometrie und Operations Research  |c 1984 
300 |a 17 s. 
490 1 |a Report  |v No. 84346 
830 0 |a Report  |v No. 84346 
100 1 |a Derigs, Ulrich